The Bahrein Islands, (750-1951) : (Record no. 22755)

MARC details
000 -LEADER
fixed length control field 00801cam a22002411 4500
001 - CONTROL NUMBER
control field 7431770
003 - CONTROL NUMBER IDENTIFIER
control field BDDh-ASL
005 - DATE AND TIME OF LATEST TRANSACTION
control field 20231015030145.0
008 - FIXED-LENGTH DATA ELEMENTS--GENERAL INFORMATION
fixed length control field 720908s1951 nyuabc b 001 0 eng
010 ## - LIBRARY OF CONGRESS CONTROL NUMBER
LC control number 51003979
035 ## - SYSTEM CONTROL NUMBER
System control number (OCoLC)402008
040 ## - CATALOGING SOURCE
Original cataloging agency DLC
Transcribing agency OAU
Modifying agency NcGU
-- DLC
-- BDDh-ASL
050 00 - LIBRARY OF CONGRESS CALL NUMBER
Classification number DS326
Item number .F3
082 #0 - DEWEY DECIMAL CLASSIFICATION NUMBER
Classification number 955
Item number FAB
100 1# - MAIN ENTRY--PERSONAL NAME
Personal name Faroughy, Abbas,
Dates associated with a name 1912-
245 14 - TITLE STATEMENT
Title The Bahrein Islands, (750-1951) :
Remainder of title a contribution to the study of power politics in the Persian Gulf, an historical, economic, and geographical survey /
260 ## - PUBLICATION, DISTRIBUTION, ETC.
Place of publication, distribution, etc. New York :
Name of publisher, distributor, etc. Verry, Fisher,
Date of publication, distribution, etc. 1951.
300 ## - PHYSICAL DESCRIPTION
Extent 128 p. :
Other physical details illus., port., map.
Dimensions 23 cm.
504 ## - BIBLIOGRAPHY, ETC. NOTE
Bibliography, etc. note Bibliography: p. 118-122.
651 #0 - SUBJECT ADDED ENTRY--GEOGRAPHIC NAME
Geographic name Bahrain.
906 ## - LOCAL DATA ELEMENT F, LDF (RLIN)
a 7
b cbc
c oclcrpl
d u
e ncip
f 19
g y-gencatlg
942 ## - ADDED ENTRY ELEMENTS (KOHA)
Source of classification or shelving scheme Dewey Decimal Classification
Koha item type Books
Holdings
Withdrawn status Lost status Source of classification or shelving scheme Damaged status Not for loan Collection code Home library Current library Shelving location Date acquired Source of acquisition Total Checkouts Full call number Barcode Date last seen Copy number Price effective from Koha item type Public note
    Dewey Decimal Classification Damaged Not For Loan Non-fiction Asiatic Society Library Asiatic Society Library General Stacks 03/06/2021 C-1   955 FAB 107059 03/06/2021 C-1 03/06/2021 Books RARE

Powered by Koha